000 00479nam a2200193Ia 4500
005 20250423094519.0
008 250422s9999 xx 000 0 und d
020 _a096182090X
050 _aBF 432 .C48 .S28/
100 _aSattler, Jerome M.
245 0 _aAssessment of children
250 _a3rd ed.
260 _aSan Diego
260 _bJ.M. Sattler
260 _cc1988
300 _a995 p
650 _aChildren_Intelligence testing. Ability_Testing.
942 _cBK
999 _c27461
_d27461